[Event "Panevezys op-B"]
[Site "Panevezys"]
[Date "2022.07.02"]
[Round "4"]
[White "Aleksandravicius, Darius"]
[Black "Savchenko, Vjacheslavs"]
[Result "1-0"]
[WhiteElo "1663"]
[BlackElo "1552"]
[PlyCount "145"]
[EventDate "2022.07.01"]
[EventType "swiss"]
[EventRounds "7"]
[EventCountry "LTU"]
[SourceTitle "EXT 2023"]
[Source "ChessBase"]
[SourceDate "2022.10.05"]
[SourceVersion "1"]
[SourceVersionDate "2022.10.05"]
[SourceQuality "1"]

1. c4 Nf6 2. Nc3 g6 3. e4 d6 4. d4 Bg7 5. Nf3 0-0 6. Be2 e5 7. 0-0 Nc6 8. d5 Ne7 9. b4 Nh5 10. Re1 f5 11. Bg5 h6 12. Bxe7 Qxe7 13. Nd2 Nf4 14. Bf1 Bd7 15. g3 Nh5 16. a4 Nf6 17. Nb5 Bxb5 18. axb5 Nxe4 19. Nxe4 fxe4 20. Rxe4 Qf6 21. Qe2 Qf3 22. Qc2 g5 23. Ra2 g4 24. Re3 Qf6 25. Qe4 Qg5 26. Bd3 Rf6 27. Bf1 h5 28. Rea3 a6 29. bxa6 Rxa6 30. Rxa6 bxa6 31. Rxa6 Qd2 32. Ra8+ Kf7 33. Qe3 Qxb4 34. Qa7 Qe1 35. Qxc7+ Kg6 36. Ra2 Qc3 37. Qa7 Bh6 38. Qa3 Qxa3 39. Rxa3 Kf5 40. f3 e4 41. f4 h4 42. Kf2 Rf7 43. Ra6 Bf8 44. Ke3 Rb7 45. Ra3 Be7 46. Bg2 hxg3 47. Bxe4+ Kf6 48. hxg3 Rb2 49. Ra8 Rb3+ 50. Bd3 Kg7 51. Re8 Rb7 52. Ke4 Kf6 53. Rg8 Ra7 54. Rxg4 Ra1 55. Rg8 Re1+ 56. Kf3 Kf7 57. Ra8 Bf6 58. Ra7+ Kf8 59. Rb7 Bd4 60. Bf5 Re3+ 61. Kg4 Rc3 62. Rd7 Bc5 63. Be6 Rxc4 64. Kg5 Rc3 65. g4 Rf3 66. f5 Be3+ 67. Kf6 Bd4+ 68. Kg6 Be5 69. Rf7+ Ke8 70. g5 Rg3 71. Rb7 Bf4 72. Rb8+ Ke7 73. f6# 1-0

[Event "Panevezys op-B"]
[Site "Panevezys"]
[Date "2022.07.01"]
[Round "2"]
[White "Aleksandravicius, Darius"]
[Black "Viskelis, Darius"]
[Result "0-1"]
[WhiteElo "1663"]
[BlackElo "2139"]
[PlyCount "54"]
[EventDate "2022.07.01"]
[EventType "swiss"]
[EventRounds "7"]
[EventCountry "LTU"]
[SourceTitle "EXT 2023"]
[Source "ChessBase"]
[SourceDate "2022.10.05"]
[SourceVersion "1"]
[SourceVersionDate "2022.10.05"]
[SourceQuality "1"]

1. c4 Nf6 2. Nc3 e6 3. e4 e5 4. Nf3 Nc6 5. d4 exd4 6. Nxd4 Bb4 7. Nxc6 bxc6 8. Bd3 h6 9. 0-0 Bxc3 10. bxc3 d6 11. h3 0-0 12. f4 Re8 13. Qf3 Rb8 14. Be3 c5 15. Bf2 Nd7 16. g4 Qf6 17. Rac1 Ne5 18. Qg3 Nxd3 19. Qxd3 Qxf4 20. Bxc5 Qxe4 21. Qxe4 Rxe4 22. Bxa7 Ra8 23. Rce1 Rxe1 24. Rxe1 Be6 25. Bd4 Bxc4 26. Re7 Rc8 27. a4 Be6 0-1

[Event "Panevezys op-A"]
[Site "Panevezys"]
[Date "2019.06.28"]
[Round "7"]
[White "Aleksandravicius, Darius"]
[Black "Kipluka, Anna Krista"]
[Result "1-0"]
[WhiteElo "1668"]
[BlackElo "1353"]
[PlyCount "35"]
[EventDate "2019.06.24"]
[EventType "swiss"]
[EventRounds "9"]
[EventCountry "LTU"]
[SourceTitle "CBM 191 Extra"]
[Source "ChessBase"]
[SourceDate "2019.09.30"]
[SourceVersion "1"]
[SourceVersionDate "2019.09.30"]
[SourceQuality "1"]

1. Nf3 d5 2. g3 Nf6 3. Bg2 e6 4. 0-0 c5 5. d3 Be7 6. Bg5 0-0 7. Nbd2 Nbd7 8. e4 dxe4 9. dxe4 b6 10. e5 Nd5 11. Bxe7 Qxe7 12. c4 Nb4 13. Qe2 Bb7 14. Ne4 Bxe4 15. Qxe4 Rfd8 16. a3 Na6 17. Qb7 Rab8 18. Qxa6 1-0

[Event "Tatry op"]
[Site "Tatranske Zruby"]
[Date "2018.10.03"]
[Round "5"]
[White "Aleksandravicius, Darius"]
[Black "Macko, Michal"]
[Result "0-1"]
[WhiteElo "1667"]
[BlackElo "2187"]
[PlyCount "80"]
[EventDate "2018.09.30"]
[EventType "swiss"]
[EventRounds "9"]
[EventCountry "SVK"]
[SourceTitle "CBM 186 Extra"]
[Source "ChessBase"]
[SourceDate "2018.08.24"]
[SourceVersion "1"]
[SourceVersionDate "2018.08.24"]
[SourceQuality "1"]

1. Nf3 d5 2. g3 Nf6 3. Bg2 e6 4. 0-0 Be7 5. d3 0-0 6. Bg5 h6 7. Bxf6 Bxf6 8. c3 c5 9. Nbd2 Nc6 10. e4 b5 11. Qe2 a5 12. e5 Be7 13. h4 Ba6 14. Nh2 b4 15. f4 Rb8 16. f5 exf5 17. Rxf5 Bc8 18. Rf2 bxc3 19. bxc3 Rb2 20. Qh5 Be6 21. Raf1 Rxa2 22. Ng4 Bxg4 23. Qxg4 Nxe5 24. Qf5 Qd6 25. d4 cxd4 26. cxd4 Nd7 27. Qxd5 Rc2 28. Rxf7 Rxf7 29. Qxf7+ Kh8 30. Qe8+ Bf8 31. Nb3 Nf6 32. Qa8 a4 33. Na5 a3 34. Nb7 Qxg3 35. Nd8 a2 36. Nf7+ Kg8 37. Ne5 a1Q 38. Rxa1 Qf2+ 39. Kh1 Qxh4+ 40. Kg1 Qxd4+ 0-1

[Event "Panevezys Gigant op-A"]
[Site "Panevezys"]
[Date "2017.08.19"]
[Round "1"]
[White "Aleksandravicius, Darius"]
[Black "Andrusaitis, Antanas"]
[Result "1-0"]
[WhiteElo "1712"]
[BlackElo "1433"]
[PlyCount "139"]
[EventDate "2017.08.19"]
[EventType "swiss"]
[EventRounds "9"]
[EventCountry "LTU"]
[SourceTitle "EXT 2019"]
[Source "ChessBase"]
[SourceDate "2018.10.10"]
[SourceVersion "1"]
[SourceVersionDate "2018.10.10"]
[SourceQuality "1"]

1. Nf3 d6 2. c4 b6 3. g3 Bb7 4. Bg2 h6 5. 0-0 Nf6 6. d4 e6 7. Nc3 Be7 8. Qc2 0-0 9. e4 Nbd7 10. a3 Nh7 11. b4 a6 12. Be3 Ng5 13. h4 Nxf3+ 14. Bxf3 e5 15. Nd5 Bxd5 16. exd5 Bf6 17. Rad1 exd4 18. Bxd4 Bxd4 19. Rxd4 Ne5 20. Bg2 Re8 21. Rf4 Ng6 22. Rf5 Re5 23. f4 Rxf5 24. Qxf5 Qe7 25. Be4 Nf8 26. Re1 Qd7 27. Qxd7 Nxd7 28. Bf5 Nf6 29. Re7 Ra7 30. Kg2 Kf8 31. Re2 Ra8 32. Kf3 Re8 33. Rxe8+ Kxe8 34. Bc8 a5 35. bxa5 bxa5 36. g4 Ke7 37. g5 hxg5 38. fxg5 Nh7 39. Kf4 g6 40. Bg4 Nf8 41. Ke4 f5+ 42. gxf6+ Kxf6 43. Kd4 Ke7 44. c5 Nd7 45. Bxd7 Kxd7 46. c6+ Ke7 47. Kc4 Kd8 48. Kb5 Kc8 49. Kxa5 Kb8 50. Kb5 Ka7 51. a4 Kb8 52. a5 Ka7 53. Kb4 Ka6 54. Ka4 Ka7 55. Kb5 Ka8 56. Kc4 Ka7 57. Kd4 Ka6 58. Ke4 Kxa5 59. Kf4 Kb5 60. Kg5 Kc5 61. Kxg6 Kxd5 62. h5 Kxc6 63. h6 Kc5 64. h7 d5 65. h8Q c6 66. Qc3+ Kb5 67. Kf5 c5 68. Qb3+ Kc6 69. Ke5 d4 70. Qc4 1-0

[Event "Panevezys op-B"]
[Site "Panevezys"]
[Date "2017.07.07"]
[Round "6"]
[White "Staskeviciute, Darija"]
[Black "Aleksandravicius, Darius"]
[Result "0-1"]
[WhiteElo "1392"]
[BlackElo "1750"]
[PlyCount "96"]
[EventDate "2017.07.03"]
[EventType "swiss"]
[EventRounds "9"]
[EventCountry "LTU"]
[SourceTitle "EXT 2018"]
[Source "ChessBase"]
[SourceDate "2017.10.13"]
[SourceVersion "1"]
[SourceVersionDate "2017.10.13"]
[SourceQuality "1"]

1. d4 Nf6 2. c4 g6 3. Nc3 Bg7 4. e4 d6 5. f3 0-0 6. Bf4 Nh5 7. Be3 e5 8. Qd2 Nc6 9. Nge2 exd4 10. Nxd4 Be6 11. 0-0-0 Ne5 12. Nxe6 fxe6 13. Be2 Nf6 14. Kb1 a6 15. g4 b5 16. c5 b4 17. Na4 Qd7 18. Qc2 Rfb8 19. b3 d5 20. h4 Qc6 21. Bd4 Ned7 22. e5 Ne8 23. f4 Bh6 24. Rdf1 Rb5 25. Bxb5 axb5 26. Nb2 Qa6 27. Nd3 Qa5 28. g5 Bf8 29. h5 Ng7 30. hxg6 hxg6 31. Nc1 Nf5 32. Bf2 d4 33. Nd3 Bxc5 34. Nxc5 Nxc5 35. Rh2 d3 36. Qb2 Ne4 37. Rfh1 Nc3+ 38. Kc1 Ne2+ 39. Kd2 Nxf4 40. Rh8+ Kf7 41. R1h7+ Ng7 42. Rxa8 Qxa8 43. Qd4 Qxa2+ 44. Ke3 Nd5+ 45. Kxd3 Qxb3+ 46. Ke4 Qc2+ 47. Kf3 Qf5+ 48. Ke2 Qxg5 0-1

[Event "Panevezys op-B 28th"]
[Site "Panevezys"]
[Date "2015.08.23"]
[Round "9"]
[White "Pluta, Paulius"]
[Black "Aleksandravicius, Darius"]
[Result "1-0"]
[WhiteElo "1554"]
[BlackElo "1727"]
[PlyCount "29"]
[EventDate "2015.08.17"]
[EventType "swiss"]
[EventRounds "9"]
[EventCountry "LTU"]
[SourceTitle "EXT 2016"]
[Source "ChessBase"]
[SourceDate "2015.10.08"]
[SourceVersion "1"]
[SourceVersionDate "2015.10.08"]
[SourceQuality "1"]

1. e4 c5 2. f4 d5 3. exd5 Qxd5 4. Nc3 Qd8 5. Bb5+ Nd7 6. Nf3 a6 7. Bxd7+ Bxd7 8. Qe2 Nf6 9. d3 e6 10. 0-0 Be7 11. Be3 0-0 12. Ne4 Qc7 13. c4 Rac8 14. Rad1 Ng4 15. Bd2 1-0

[Event "Brno op 5th"]
[Site "Brno"]
[Date "2014.11.15"]
[Round "1"]
[White "Grove, Michael"]
[Black "Aleksandravicius, Darius"]
[Result "1-0"]
[WhiteElo "2083"]
[BlackElo "1722"]
[PlyCount "61"]
[EventDate "2014.11.15"]
[EventType "swiss"]
[EventRounds "9"]
[EventCountry "CZE"]
[SourceTitle "CBM 163 Extra"]
[Source "ChessBase"]
[SourceDate "2014.12.23"]
[SourceVersion "1"]
[SourceVersionDate "2014.12.23"]
[SourceQuality "1"]

1. e4 c5 2. Nc3 g6 3. f4 Bg7 4. Nf3 d6 5. Bc4 e6 6. 0-0 Nc6 7. d3 Nge7 8. Qe1 Nd4 9. Nxd4 cxd4 10. Ne2 a6 11. Bb3 0-0 12. c3 dxc3 13. bxc3 b5 14. Be3 Bb7 15. Rc1 Rc8 16. Nd4 Qd7 17. Qg3 e5 18. Ne2 d5 19. f5 f6 20. fxg6 hxg6 21. d4 a5 22. dxe5 fxe5 23. a3 Rxf1+ 24. Rxf1 Rf8 25. Rd1 Qd6 26. Bc1 a4 27. Ba2 Qc5+ 28. Qe3 Qc8 29. exd5 Nf5 30. d6+ Kh7 31. Qh3+ 1-0

[Event "Tatry op"]
[Site "Tatranske Zruby"]
[Date "2013.10.01"]
[Round "3"]
[White "Aleksandravicius, Darius"]
[Black "Dobrowolski, Henryk"]
[Result "1-0"]
[WhiteElo "1718"]
[BlackElo "1828"]
[PlyCount "158"]
[EventDate "2013.09.29"]
[EventType "swiss"]
[EventRounds "9"]
[EventCountry "SVK"]
[SourceTitle "EXT 2023"]
[Source "ChessBase"]
[SourceDate "2022.10.05"]
[SourceVersion "1"]
[SourceVersionDate "2022.10.05"]
[SourceQuality "1"]

1. c4 Nf6 2. Nc3 g6 3. e4 d6 4. d4 Bg7 5. Nf3 Bg4 6. Be2 0-0 7. 0-0 Nbd7 8. h3 Bxf3 9. Bxf3 e5 10. d5 h6 11. b4 b6 12. Be3 Kh7 13. a4 a5 14. Rb1 axb4 15. Rxb4 Nc5 16. Bxc5 dxc5 17. Rb1 Ne8 18. Qb3 Nd6 19. Nb5 Ra5 20. Rfd1 f5 21. Nxd6 Qxd6 22. Qc2 f4 23. Rb5 Rfa8 24. Rxa5 Rxa5 25. Rb1 h5 26. Rb5 Ra6 27. Bd1 Bf8 28. Qe2 Qf6 29. Rb1 Ra8 30. Qb2 Bd6 31. Qe2 Qg5 32. Ra1 Rf8 33. f3 Ra8 34. Qe1 Ra5 35. Bb3 Qf6 36. Bd1 g5 37. Be2 Qg6 38. Qb1 Kh6 39. Kf2 Qe8 40. Qc2 Qd7 41. Kg1 Kg6 42. Kf1 Ra8 43. Kg1 Kf6 44. Bd1 Bf8 45. Qc3 Qh7 46. Qc2 Qd7 47. Kf1 Be7 48. Kg1 c6 49. Rb1 b5 50. axb5 cxb5 51. cxb5 Ra3 52. Be2 Bd6 53. b6 Qb7 54. Qb2 Ra4 55. Qb5 Rb4 56. Rxb4 cxb4 57. Qc6 Qb8 58. Bd1 Ke7 59. Ba4 Qd8 60. Qb7+ Kf8 61. Qc6 Ke7 62. b7 Qc7 63. Qe8+ Kf6 64. Qh8+ Ke7 65. Qe8+ Kf6 66. Qxh5 Qc1+ 67. Kh2 Bc5 68. Qh6+ Kf7 69. Qe6+ Kg7 70. Qxe5+ Kh7 71. Qf5+ Kh6 72. Qf6+ Kh7 73. Qf7+ Kh6 74. Qe6+ Kh7 75. Qd7+ Kh6 76. Qc6+ Kg7 77. Qxc5 Qxc5 78. b8Q Qf2 79. Qe5+ Kf7 1-0

[Event "Panevezys op-B 26th"]
[Site "Panevezys"]
[Date "2013.08.18"]
[Round "8"]
[White "Pilipaviciute, Aiste"]
[Black "Aleksandravicius, Darius"]
[Result "1/2-1/2"]
[WhiteElo "1533"]
[BlackElo "1732"]
[PlyCount "115"]
[EventDate "2013.08.12"]
[EventType "swiss"]
[EventRounds "8"]
[EventCountry "LTU"]
[SourceTitle "CBM 155 Extra"]
[Source "ChessBase"]
[SourceDate "2013.08.26"]
[SourceVersion "1"]
[SourceVersionDate "2013.08.26"]
[SourceQuality "1"]

1. e4 c5 2. Nf3 d6 3. d4 cxd4 4. Nxd4 Nf6 5. Nc3 a6 6. Be2 e6 7. Be3 Qc7 8. 0-0 b5 9. a3 Bb7 10. Qd3 Nbd7 11. Nb3 Ne5 12. Qd4 Rc8 13. f3 Nc4 14. Bxc4 bxc4 15. Nd2 Be7 16. Qb6 Nd7 17. Qxc7 Rxc7 18. f4 0-0 19. f5 d5 20. fxe6 fxe6 21. Rxf8+ Bxf8 22. exd5 exd5 23. Nf3 Nf6 24. Rd1 Bc6 25. Ne5 Ba8 26. Bd4 Bc5 27. Ne2 Bxd4+ 28. Nxd4 Rb7 29. b3 cxb3 30. cxb3 Rc7 31. Nd3 Bb7 32. Rc1 Rxc1+ 33. Nxc1 g6 34. Nd3 Nd7 35. Kf2 Kf7 36. Ke3 Kf6 37. Nf3 g5 38. g4 h6 39. Kd4 a5 40. Nc5 Nxc5 41. Kxc5 Ba6 42. Nd4 Ke5 43. Nf5 Be2 44. h3 Bf1 45. h4 gxh4 46. Nxh4 Be2 47. Nf5 Bxg4 48. Nxh6 Be6 49. b4 axb4 50. axb4 d4 51. b5 d3 52. b6 Bc8 53. Ng4+ Kf4 54. Nf2 d2 55. Kc6 Kf3 56. Nd1 Ke2 57. Nc3+ Kd3 58. Nd1 1/2-1/2

[Event "Panevezys op-B 26th"]
[Site "Panevezys"]
[Date "2013.08.15"]
[Round "5"]
[White "Aleksandravicius, Darius"]
[Black "Ivanauskas, Raimundas"]
[Result "1/2-1/2"]
[WhiteElo "1732"]
[BlackElo "1738"]
[PlyCount "83"]
[EventDate "2013.08.12"]
[EventType "swiss"]
[EventRounds "8"]
[EventCountry "LTU"]
[SourceTitle "CBM 155 Extra"]
[Source "ChessBase"]
[SourceDate "2013.08.26"]
[SourceVersion "1"]
[SourceVersionDate "2013.08.26"]
[SourceQuality "1"]

1. c4 c6 2. e4 d5 3. exd5 Nf6 4. Nc3 cxd5 5. cxd5 Nxd5 6. Nf3 a6 7. Bc4 e6 8. 0-0 Nxc3 9. bxc3 Be7 10. d4 b5 11. Bd3 Bb7 12. a4 b4 13. cxb4 Bxb4 14. Rb1 a5 15. Bb5+ Bc6 16. Ne5 Bxb5 17. axb5 0-0 18. Qg4 f5 19. Qf3 Ra7 20. Rd1 Qd5 21. Qxd5 exd5 22. Bd2 Bxd2 23. Rxd2 Rc8 24. Ra2 Rc3 25. g3 a4 26. b6 Ra5 27. b7 Kf8 28. Rb6 a3 29. h4 Ra4 30. Rb5 Ke7 31. Rxd5 Rb3 32. Rc5 Rxb7 33. Rc3 Rxd4 34. Rcxa3 Rd1+ 35. Kg2 Nd7 36. Nxd7 Rbxd7 37. Re3+ Kf7 38. Rae2 R1d2 39. Kf3 Rxe2 40. Rxe2 g6 41. Rb2 h6 42. Kg2 1/2-1/2

[Event "Panevezys op-B 26th"]
[Site "Panevezys"]
[Date "2013.08.15"]
[Round "4"]
[White "Jankevicius, Nedas"]
[Black "Aleksandravicius, Darius"]
[Result "1/2-1/2"]
[WhiteElo "1574"]
[BlackElo "1732"]
[PlyCount "65"]
[EventDate "2013.08.12"]
[EventType "swiss"]
[EventRounds "8"]
[EventCountry "LTU"]
[SourceTitle "CBM 155 Extra"]
[Source "ChessBase"]
[SourceDate "2013.08.26"]
[SourceVersion "1"]
[SourceVersionDate "2013.08.26"]
[SourceQuality "1"]

1. e4 c5 2. Nc3 g6 3. f4 Bg7 4. Nf3 d6 5. Bc4 e6 6. d3 Ne7 7. 0-0 Nbc6 8. Kh1 a6 9. a4 Nd4 10. Nxd4 cxd4 11. Ne2 0-0 12. Ng3 d5 13. Bb3 dxe4 14. dxe4 b6 15. Ra2 Bb7 16. f5 exf5 17. exf5 Nd5 18. Ne2 Qh4 19. Nf4 Rad8 20. Nxd5 Bxd5 21. Bxd5 Rxd5 22. Rf4 Qd8 23. fxg6 hxg6 24. Ra3 Bh6 25. Rff3 Bxc1 26. Qxc1 Kg7 27. Qf1 Qc8 28. c3 dxc3 29. Raxc3 Qb7 30. b3 Rfd8 31. Rc1 Rd2 32. Rf2 R2d3 33. Rb1 1/2-1/2

[Event "Panevezys op 25th"]
[Site "Panevezys"]
[Date "2012.08.19"]
[Round "9"]
[White "Aleksandravicius, Darius"]
[Black "Vaskevicius, Augustas"]
[Result "1/2-1/2"]
[WhiteElo "1736"]
[BlackElo "1410"]
[PlyCount "120"]
[EventDate "2012.08.13"]
[EventType "swiss"]
[EventRounds "9"]
[EventCountry "LTU"]
[SourceTitle "CBM 149 Extra"]
[Source "ChessBase"]
[SourceDate "2012.08.24"]
[SourceVersion "1"]
[SourceVersionDate "2012.08.24"]
[SourceQuality "1"]

1. Nf3 Nf6 2. c4 c6 3. Nc3 d5 4. e3 e6 5. d4 Nbd7 6. Bd3 dxc4 7. Bxc4 b5 8. Bd3 a6 9. e4 c5 10. e5 Nd5 11. Nxd5 exd5 12. 0-0 c4 13. Bb1 Be7 14. e6 fxe6 15. Re1 0-0 16. Rxe6 Nf6 17. Re5 Bg4 18. Qc2 Ne4 19. Be3 Bxf3 20. gxf3 Rxf3 21. Kg2 Rf6 22. Rxe4 Rg6+ 23. Kh1 dxe4 24. Qxe4 Ra7 25. Bc2 Rd7 26. Rd1 Rd5 27. Rg1 Rdd6 28. Rxg6 Rxg6 29. Qe5 Qd6 30. Qh5 Qf6 31. Qd5+ Qe6 32. Qa8+ Kf7 33. Be4 Kf6 34. Bf4 Bd6 35. Qd8+ Be7 36. Be5+ Kg5 37. Qa5 Qg4 38. Qd2+ Kh5 39. Bxg6+ Kxg6 40. Qe3 Qd1+ 41. Kg2 Qg4+ 42. Bg3 Bf6 43. Qe8+ Kh6 44. d5 Qg6 45. Qe3+ Kh5 46. Qe2+ Kh6 47. Qd2+ Kh5 48. d6 Bd8 49. Qd5+ Qg5 50. Qf7+ Qg6 51. Qf3+ Qg4 52. Qa8 Qd7 53. Qd5+ g5 54. Qf3+ Kg6 55. Qf8 a5 56. h3 Qc6+ 57. Kh2 Qd7 58. Be5 h5 59. Qg8+ Kh6 60. Bg7+ Qxg7 1/2-1/2